Geography General Knowledge #1 - Statistics

General Stats
  • This quiz has been taken 235 times
  • The average score is 11 of 17
Answer Stats
Hint Answer % Correct
Capital city of Poland? Warsaw
99%
What is the biggest ocean on the planet? Pacific
98%
What is the largest mountain on Africa? Kilimanjaro
86%
Egypt and Saudi Arabia have coastlines on which sea? Red
86%
Riga is the capital of which country? Latvia
81%
What is the largest city in South Africa? Johannesburg
78%
What is the furthest West Country in Europe? Iceland
76%
In which country is Acapulco? Mexico
76%
The Douro Valley is a famous Port making region in which country? Portugal
75%
Capital city of Slovakia? Bratislava
73%
From what famous region of France does sparkling wine come from? Champagne
70%
which State was the last to be admitted to the union? Hawaii
68%
What is the smallest country on mainland Africa? Gambia
53%
What is the longest river in England? Severn
40%
What is the longest river in Australia? Murray
37%
In which UK county is Tiverton in? Devon
20%
In which mountain range is Mount Elbert? Rocky
20%
No matching quizzes found
Score Distribution
Percent of People with Each Score
Percentile by Number Answered
Your Score History
You have not taken this quiz